000
00325nam a2200133Ia 4500
008
100328s9999 xx 000 0 und d
082
_b
64393
100
_a
साने शुभदा.
245
_a
तरंग.
260
_b
सानिया.
630
_a
तरंग.
730
_a
तरंग.
942
_c
BOOK
999
_c
550187
_d
550184